Discussió ciutadana d'actuacions al territori (DCAT)
Descripción Física:
116 p. : gràf. ; 23 cm
MARC
| LEADER | 00000nam a2200000Ia 4500 | ||
|---|---|---|---|
| 001 | 19872 | ||
| 008 | 160829s2005 xx 000 0 cat d | ||
| 080 | |a M-5-478 | ||
| 245 | |a Discussió ciutadana d'actuacions al territori (DCAT) | ||
| 260 | |a Sabadell : |b Ajuntament de Sabadell, |c 2005 | ||
| 300 | |a 116 p. : |b gràf. ; |c 23 cm | ||
| 590 | |a Amb la col·laboració de: Diputació de Barcelona. | ||
| 590 | |a Prové de G-190, exp. 2 | ||
| 650 | |a Municipis |x Govern i administració |x Sabadell |x Congressos |9 47445 | ||
| 650 | |a Participació política |x Sabadell |x Congressos |9 47446 | ||
| 710 | 1 | |a Sabadell (Catalunya). |b Ajuntament |9 51464 | |
| 710 | 1 | |a Barcelona (Catalunya : Província). |b Diputació |9 52408 | |
| 901 | |a Arxiu | ||
| 942 | |n 1 | ||
| 952 | |0 0 |1 0 |4 0 |6 M5478 |7 1 |9 53885 |a Arxiu |b Arxiu |d 2016-12-01 |l 0 |o M-5-478 |p 19872 |r 2016-12-01 00:00:00 |w 2016-12-01 |y ARXIU | ||
| 999 | |c 57752 |d 57752 | ||